Un gimnasio del siglo XIX
Uloženo v:
| Médium: | Kniha |
|---|---|
| Jazyk: | španělština |
| Vydáno: |
Madrid
Instituto Nacional de Educación Física
1988
|
| Témata: | |
| Tagy: |
Přidat tag
Žádné tagy, Buďte první, kdo vytvoří štítek k tomuto záznamu!
|
MARC
| LEADER | 00000nam a2200000 a 4500 | ||
|---|---|---|---|
| 001 | UCR6966 | ||
| 003 | CL-VaPUC | ||
| 008 | 980424e19880000SP |||||||||||||||||spa|d | ||
| 082 | 0 | 4 | |a 796.08 |b UNG |2 21 |
| 245 | 1 | 3 | |a Un gimnasio del siglo XIX |
| 300 | |a 68 p | ||
| 942 | |c BK | ||
| 945 | |d 19980424 00:00:00 |a rleighto | ||
| 260 | |a Madrid |b Instituto Nacional de Educación Física |c 1988 | ||
| 650 | 0 | |a Gimnasio |9 341520 | |
| 650 | 7 | |a HISTORIA DEL DEPORTE SIGLO 19 |2 CL-VaPUC |9 408168 | |
| 650 | 7 | |a EQUIPAMIENTO |2 CL-VaPUC |9 372898 | |
| 650 | 0 | |a Deportes |9 224367 | |
| 650 | 0 | |a Actividad física |9 362156 | |
| 583 | |a last modification |c 20160829 11:18:51 |k Rodrigo Vera | ||
| 999 | |c 268832 |d 268830 | ||
| 952 | |0 0 |1 0 |4 0 |6 796_080000000000000_UNG_1988 |7 0 |8 A |9 302247 |a BIBEDU |b BIBEDU |d 2019-11-20 |i 3418960 |o 796.08 UNG 1988 |p 3418960 |r 2019-11-20 |w 2019-11-20 |y BK |k BME | ||